| 000 | 00823nam a22002535a 4500 | ||
|---|---|---|---|
| 008 | 161127t2015 xxua|||fr|||| 00| 0 eng d | ||
| 020 | _a9783319255446 | ||
| 040 |
_aEG-ScBUE _beng _cEG-ScBUE |
||
| 082 | 0 | 4 |
_222 _a005.8 _bDAV |
| 100 | 1 | _aDavi, Lucas | |
| 245 | 1 | 0 |
_aBuilding secure defenses against code-reuse attacks / _cLucas Davi |
| 260 |
_aNew York _bSpringer, _c2015. |
||
| 300 |
_ax, 74 p. : _bill. ; _c24 cm. |
||
| 490 | 0 | _aSpringerBriefs in computer science | |
| 590 | _aSuzan Ashmawy | ||
| 650 | 7 |
_2BUEsh _aComputer security |
|
| 650 | 7 |
_2BUEsh _aData encryption _xComputer science. |
|
| 650 | 7 |
_2BUEsh _aComputer programming. |
|
| 650 | 7 |
_2BUEsh _aProgramming languages _xElectronic computers. |
|
| 651 | _2BUEsh | ||
| 653 |
_bCOMSCI _cNovember2016 |
||
| 700 | 1 |
_aSadeghi, Ahmad-Reza, _eauthor. |
|
| 942 | _2ddc | ||
| 999 |
_c23341 _d23313 |
||